Introduction to organic chemistry / (Record no. 18448)

MARC details
000 -LEADER
fixed length control field 01195nam a2200337 i 4500
001 - CONTROL NUMBER
control field 016415677
003 - CONTROL NUMBER IDENTIFIER
control field EG-ScBUE
005 - DATE AND TIME OF LATEST TRANSACTION
control field 20250813092702.0
008 - FIXED-LENGTH DATA ELEMENTS--GENERAL INFORMATION
fixed length control field 130521t2014 njua f d 001 0 eng d
020 ## - INTERNATIONAL STANDARD BOOK NUMBER
International Standard Book Number 9781118321768 (paperback)
040 ## - CATALOGING SOURCE
Original cataloging agency EG-ScBUE
Language of cataloging eng
Description conventions rda
Transcribing agency EG-ScBUE
Modifying agency EG-ScBUE
082 04 - DEWEY DECIMAL CLASSIFICATION NUMBER
Classification number 547
Edition number 22
Item number BRO
100 1# - MAIN ENTRY--PERSONAL NAME
Personal name Brown, William Henry,
Dates associated with a name 1932-
9 (RLIN) 30063
Relator term author.
245 10 - TITLE STATEMENT
Title Introduction to organic chemistry /
Statement of responsibility, etc William H. Brown, Beloit College, Thomas Poon, Claremont McKenna College, Scripps College, Pitzer College.
250 ## - EDITION STATEMENT
Edition statement Fifth edition.
250 ## - EDITION STATEMENT
Edition statement International student version.
264 #1 - PUBLICATION, DISTRIBUTION, ETC. (IMPRINT)
Place of publication, distribution, etc Hoboken, New Jersey :
Name of publisher, distributor, etc John Wiley & Sons, INC.,
Date of publication, distribution, etc [2014]
264 #4 - PUBLICATION, DISTRIBUTION, ETC. (IMPRINT)
Date of publication, distribution, etc c2014
300 ## - PHYSICAL DESCRIPTION
Extent 1 volume (various pagings) :
Other physical details color illustrations ;
Dimensions 28 cm
336 ## - CONTENT TYPE
Source rdacontent
Content type term text
Content type code txt
337 ## - MEDIA TYPE
Media type term unmediated
Source rdamedia
Media type code n
338 ## - CARRIER TYPE
Carrier type term volume
Carrier type code nc
Source rdacarrier
500 ## - GENERAL NOTE
General note Includes index.
500 ## - GENERAL NOTE
General note Includes glossary.
500 ## - GENERAL NOTE
General note Includes appendixes.
650 #7 - SUBJECT ADDED ENTRY--TOPICAL TERM
Topical term or geographic name as entry element Chemistry, Organic.
9 (RLIN) 6234
Source of heading or term BUEsh
653 ## - INDEX TERM--UNCONTROLLED
Resource For college Engineering, Petroleum
Arrived date list October2014
655 ## - INDEX TERM--GENRE/FORM
Form subdivision Reading book
9 (RLIN) 33728
700 1# - ADDED ENTRY--PERSONAL NAME
Personal name Poon, Thomas,
Dates associated with a name 1968-
9 (RLIN) 36200
Relator term author.
942 ## - ADDED ENTRY ELEMENTS (KOHA)
Source of classification or shelving scheme Dewey Decimal Classification
Koha item type Book - Borrowing
Holdings
Withdrawn status Lost status Source of classification or shelving scheme Damaged status Not for loan Collection code Home library Current library Shelving location Date acquired Source of acquisition Cost, normal purchase price Total Checkouts Full call number Barcode Date last seen Cost, replacement price Koha item type Materials specified (bound volume or other part) Total Renewals Date checked out Price effective from
    Dewey Decimal Classification     Baccah Central Library Central Library First floor 13/10/2014 Purchase 360.00   547 BRO 000036622 15/07/2025 450.00 NB - Book (Non borrowing)        
    Dewey Decimal Classification     Baccah Central Library Central Library First floor 13/10/2014 Purchase 360.00 2 547 BRO 000036623 15/07/2025 450.00 Book - Borrowing 25 08/10/2018  
    Dewey Decimal Classification     Baccah Central Library Central Library First floor 13/10/2014   360.00 1 547 BRO 000036624 15/07/2025 450.00 Book - Borrowing   16 29/10/2015  
    Dewey Decimal Classification     Baccah Central Library Central Library First floor 13/10/2014     8 547 BRO 000036625 15/07/2025   Book - Borrowing   36 27/10/2018 13/10/2014
    Dewey Decimal Classification     Baccah Central Library Central Library First floor 13/10/2014     6 547 BRO 000036626 15/07/2025   Book - Borrowing   27 27/10/2018 13/10/2014
    Dewey Decimal Classification     Baccah Central Library Central Library First floor 13/10/2014     7 547 BRO 000036627 15/07/2025   Book - Borrowing   46 27/10/2018 13/10/2014
    Dewey Decimal Classification     Baccah Central Library Central Library First floor 13/10/2014 Purchase   4 547 BRO 000036628 15/07/2025   Book - Borrowing 19 06/11/2019  
    Dewey Decimal Classification     Baccah Central Library Central Library First floor 13/10/2014     3 547 BRO 000036629 15/07/2025   Book - Borrowing   13 28/10/2018 13/10/2014
    Dewey Decimal Classification     Baccah Central Library Central Library First floor 14/10/2014 Purchase   2 547 BRO 000036633 15/07/2025   Book - Borrowing 8 27/02/2018  
    Dewey Decimal Classification     Baccah Central Library Central Library First floor 14/10/2014     5 547 BRO 000036634 15/07/2025   Book - Borrowing   11 28/10/2018 14/10/2014